000 01124cam a2200265 i 4500
001 78010
003 BD-RjUL
005 20211209083058.0
008 210303s19541383ua 000 0 arar
035 _a(BD-RjUL)78236
040 _aDLC
_beng
_cWAU
_dMUQ
_dOCLCG
_dOCLCQ
_dOCLCF
_dOCLCA
_dUkOxU
041 _aara
082 _223
_a297.125
_bTAJ 1954
100 0 _aطبري, أبي جعفر محمد بن جر Tabari, Abu Jaafar Muhammad bin Jarir
_d838?-923.
_9244137
245 1 0 _aجامع البيان عن تأويل آي القرآن ;; Jāmiʻ al-bayān ʻan taʼwīl āy al-Qurʼān /
_c أبي جعفر محمد بن جرير الطبري ;; Abī Jaʻfar Muḥammad ibn Jarīr al-Ṭabarī.
246 3 _aTafsīr al-Ṭabarī
250 _aal-Tabʻah 3.
260 _aMiṣr :
_bMuṣṭafá al-Bābī al-Ḥalabī,
_c1954
260 _aمصر :
_bمصطفى البابي الحلبي ،
_c1968] 1954-1968.
300 _av ;
_c28 cm
505 _aVol.1.--v.4.--v.10.--v-12.--v.13.--v.16.--v.19.--v.25.--v.28.--
650 _aالقرآن
_9234184
650 _aAl Quran
_vInterpertation
_9245494
942 _2ddc
_cBK
999 _c78010
_d78010